00921cam a2200229 a 450000100100000000500170001000800410002704000290006808200150009710000420011224500830015426000590023730000280029649000580032450400420038265000230042483000650044791000340051204900090054695201190055599900170067400001179020200929162551.0920820s1992 ck a b 000 0 spa  aDO-SdBNPbspacLCdBNPHU a410bH868i1 aHoyos Andrade, Rafael Eugenio.92789710aIntroducción a la lingüística funcional /cRafael Eugenio Hoyos Andrade. aSantafé, Bogotá :bInstituto Caro y Cuervo,c1992. a134 p. :bil. ;c21 cm.1 aPublicaciones del Instituto Caro y CuervoaMinor,v33 aIncluye referencias bibliográficas. 4aLinguistica927898 0aPublicaciones del Instituto Caro y CuervopMinor,v33921930 aCatalogación por copia / LC aBNGR 001052708MOaGRbGRcCTd2009-10-27iLF1l0o410 H868ip11790-10r2020-06-25w2020-06-25y2ZPréstamo interno c11464d11464